Global Economic Issues and Policies (Record no. 2228)

MARC details
000 -LEADER
fixed length control field 00401nam a2200169Ia 4500
003 - CONTROL NUMBER IDENTIFIER
control field OSt
005 - DATE AND TIME OF LATEST TRANSACTION
control field 20240502114439.0
008 - FIXED-LENGTH DATA ELEMENTS--GENERAL INFORMATION
fixed length control field 230312s9999||||xx |||||||||||||| ||und||
020 ## - INTERNATIONAL STANDARD BOOK NUMBER
International Standard Book Number 0-324-07188-4
040 ## - CATALOGING SOURCE
Language of cataloging English
082 ## - DEWEY DECIMAL CLASSIFICATION NUMBER
Classification number 338.9
Item number DAN-G
100 ## - MAIN ENTRY--PERSONAL NAME
Personal name Daniels Joseph , P.
245 #0 - TITLE STATEMENT
Title Global Economic Issues and Policies
260 ## - PUBLICATION, DISTRIBUTION, ETC.
Name of publisher, distributor, etc. THOMSON
Place of publication, distribution, etc. UK
650 ## - SUBJECT ADDED ENTRY--TOPICAL TERM
Topical term or geographic name entry element Economics
942 ## - ADDED ENTRY ELEMENTS (KOHA)
Koha item type BOOK
Source of classification or shelving scheme Dewey Decimal Classification
Holdings
Withdrawn status Lost status Source of classification or shelving scheme Damaged status Not for loan Home library Current library Date acquired Total Checkouts Full call number Barcode Date last seen Copy number Price effective from Koha item type
    Dewey Decimal Classification     Superior Information Resource Center (SIRC) Superior University - City Campus Superior Information Resource Center (SIRC) Superior University - City Campus 03/13/2023   338.9 DAN-G 2239 03/13/2023 1 03/13/2023 BOOK
    Dewey Decimal Classification     Superior Information Resource Center (SIRC) Superior University - City Campus Superior Information Resource Center (SIRC) Superior University - City Campus 05/02/2024   338.9 DAN-G 2240 05/02/2024 2 05/02/2024 BOOK
    Dewey Decimal Classification     Superior Information Resource Center (SIRC) Superior University - City Campus Superior Information Resource Center (SIRC) Superior University - City Campus 05/02/2024   338.9 DAN-G 2394 05/02/2024 3 05/02/2024 BOOK

Powered by Koha